000
00824nam a22001457a 4500
008
110706t xxu||||| |||| 00| 0 eng d
010
_a
C-DOC F-140
245
_a
Charge : Mpawulo Patrick, M/a, 42 yrs Old, Office Attendant at Ministry of Justice and Constitutional Affairs Kampala
260
_c
2000
999
_c
4592
_d
4592